| 000 | 00441nam a22001697a 4500 | ||
|---|---|---|---|
| 003 | CEME | ||
| 005 | 20210628204009.0 | ||
| 008 | 210114b xxu||||| |||| 00| 0 eng d | ||
| 040 | _cceme | ||
| 082 | _a891.439 BAG | ||
| 100 |
_aBaig, Dr. Mirza Hamid _968182 |
||
| 245 | _aBaagh o bahar , meer aman deli walay | ||
| 260 |
_aLAHORE _bURDU SCIENCE BOARD _c2004 |
||
| 300 | _a428P | ||
| 650 |
_aURDU ADAB-FICTION. _965375 |
||
| 942 |
_cBK _2ddc |
||
| 999 |
_c575808 _d575808 |
||